000 01675nam0a2200349 4500
001 RU\NLR\bibl\1092173
005 20241119162120.0
020 _aRU
_b06-23648
_9Летопись авторефератов диссертаций
021 _aRU
_b2006-17271а
_9691а
035 _a(NLR Aleph) 001079304
090 _a1048282
_c1048282
100 _a20061214d2006 u u0rusy50 ca
101 0 _arus
102 _aRU
105 _aa dm |||||
200 1 _aЭкологическая характеристика местообитаний жаворонков в подзоне пустынных степей
_e(на примере Волгоградского Заволжья)
_eавтореф. дис. на соиск. учен. степ. канд. биол. наук
_eспециальность 03.00.16 <Экология>
_fДавиденко Ольга Николаевна
_g[Сарат. гос. ун-т им. Н. Г. Чернышевского]
210 _aСаратов
_d2006
215 _a20 с.
_cил.
_d21
320 _aБиблиогр.: с. 20 (7 назв.)
610 0 _aВолгоградское Заволжье, биол. науки
675 _a598.283(470.45)
_v3
_zrus
686 _a34.33
_2rugasnti
686 _a28.6
_2rubbk
686 _a03.00.16
_2oksvnk
700 1 _aДавиденко
_bО. Н.
_gОльга Николаевна
_4070
801 0 _aRU
_bRKP
_c20061214
_gPSBO
801 1 _aRU
_bRKP
_c20061214
801 2 _aRU
_bNLR
_c20070530
_grcr
901 _eАвторефераты
942 _cBOOK
981 1 0 _a(10) Авторефераты